Statistics for Canadian Provinces and Territory capitals

Click here to take the quiz!

General Stats

  • This quiz has been taken 925 times
  • The average score is 10 of 14

Answer Stats

HintAnswer% Correct
OntarioToronto
92%
British ColumbiaVictoria
85%
QuebecQuebec City
84%
CanadaOttawa
84%
AlbertaEdmonton
79%
SaskatchewanRegina
78%
Northwest TerritoriesYellowknife
74%
Nova ScotiaHalifax
73%
ManitobaWinnipeg
72%
Yukon TerritoryWhitehorse
72%
Newfoundland and LabradorSt. John's
66%
Prince Edward IslandCharlottetown
59%
NunavutIqaluit
50%
New BrunswickFredericton
47%

Score Distribution

Percentile by Number Answered

Percent of People with Each Score

Your Score History

You have not taken this quiz